00579nam a2200181Ia 4500008004100000020001800041041000800059082001500067100001300082245003500095260004300130300000900173500002500182650001500207700001300222999001700235952014500252230125s9999 xx 000 0 und d a0-609-60839-8 aeng a658.4bCHA aCharan R aWhat the ceo wants you to know c2001bCrown publishing houseaNew York a141p aExecutive management aManagement aCharan R c92874d92874 00104070aHIMRbHIMRd2007-01-15eSatya Gilanil3o658.4 CHA DB1196pHIMR-DB-1196r2025-11-25 13:05:30s2025-11-19w2007-01-15yDBzDB1196